[Event "Excelsior Cup"]
[Site "Gothenburg"]
[Date "2001.??.??"]
[Round "8"]
[White "Gullaksen, Eirik Tvedt"]
[Black "Bellon Lopez, Juan Manuel"]
[Result "1-0"]
[WhiteElo "2333"]
[BlackElo "2430"]
[Annotator "Hecht,H"]
[PlyCount "89"]
[EventDate "2001.01.08"]
[EventType "tourn"]
[EventRounds "9"]
[EventCountry "SWE"]
[EventCategory "7"]
[SourceTitle "CBM 081"]
[Source "ChessBase"]
[SourceDate "2001.03.20"]
[SourceVersion "1"]
[SourceVersionDate "2001.03.20"]
[SourceQuality "1"]

1. e4 c5 2. Nf3 e6 3. d4 cxd4 4. Nxd4 Nc6 5. Nc3 Qc7 6. g3 a6 7. Bg2 Nf6 8. O-O
Bc5 9. Nxc6 dxc6 10. Qe2 e5 11. Be3 Bxe3 12. Qxe3 O-O 13. Rad1 Bg4 14. f3 Be6
15. Rf2 Rfd8 16. Rfd2 Rxd2 17. Rxd2 Rd8 18. Rxd8+ Qxd8 19. a3 h6 20. Bf1 Qd6
21. Be2 Nd7 22. f4 exf4 23. gxf4 f6 24. Kg2 b5 25. h4 a5 26. Kf3 Nc5 27. e5
fxe5 28. Qxe5 Qxe5 29. fxe5 Bf5 30. Ke3 Bxc2 31. Bf3 b4 32. axb4 axb4 33. Ne2
Bd1 34. Bxc6 Bxe2 35. Kxe2 {[#] Schlechte schwarze Königsführung!} Kf7 36. Ke3
Kg6 $2 {Dezentralisierung!} (36... Ke6 37. Kd4 Nb3+ $11) (36... Ke7 37. Kd4
Nb3+ 38. Kd5 g5 $11) 37. Kd4 Ne6+ (37... Nb3+ 38. Kd5 $18) 38. Kd5 Nf4+ 39. Ke4
(39. Kd6 Kh5 40. e6 Nxe6 41. Kxe6 Kxh4 42. Kf5 $1 (42. Kd5 h5 43. Kc4 g5 44.
Kxb4 g4 45. Kc4 Kh3 46. b4 g3 47. b5 g2 48. Bxg2+ Kxg2 49. b6 h4 50. b7 h3 51.
b8=Q h2 $11) 42... g5 43. b3 g4 44. Kf4 h5 45. Bg2 g3 46. Kf3 $18) 39... Ne6
40. Be8+ $1 Kh7 41. Bf7 Nd8 42. e6 g5 43. Kd5 (43. e7 $2 Nxf7 44. e8=Q Nd6+)
43... Nxe6 44. Kxe6 g4 45. Kf6 1-0

[Event "EU-ch 4th"]
[Site "Istanbul"]
[Date "2003.06.07"]
[Round "8"]
[White "Gershon, Alik"]
[Black "Pogorelov, Ruslan"]
[Result "0-1"]
[WhiteElo "2543"]
[BlackElo "2489"]
[Annotator "Hecht,H"]
[PlyCount "126"]
[EventDate "2003.05.30"]
[EventType "swiss"]
[EventRounds "13"]
[EventCountry "TUR"]
[SourceTitle "CBM 096"]
[Source "ChessBase"]
[SourceDate "2003.09.25"]
[SourceVersion "1"]
[SourceVersionDate "2003.09.25"]
[SourceQuality "1"]

1. e4 c5 2. Nf3 e6 3. d4 cxd4 4. Nxd4 Nc6 5. Nc3 d6 6. g3 Nf6 7. Bg2 Bd7 8. O-O
Be7 9. Be3 O-O 10. Nxc6 Bxc6 11. a4 a6 12. a5 Rc8 13. Re1 Qc7 14. Bb6 Qd7 15.
Qd2 Bd8 16. Bd4 e5 17. Be3 Ng4 18. Bh3 f5 19. Bxg4 fxg4 20. Red1 Bc7 21. Nd5
Qf7 22. Qe2 h5 23. c4 Bd8 24. b4 Qg6 25. Bb6 Rf7 26. Bxd8 Rxd8 27. b5 Bxd5 28.
Rxd5 Rdf8 29. Ra2 Rxf2 30. Qxf2 Rxf2 31. Rxf2 Qxe4 32. bxa6 bxa6 33. Rxd6 Qxc4
34. Rd8+ Kh7 35. Rd1 Qc5 36. Re1 {[#] Nach dem Verschwinden etlicher
Bauernschwächen auf beiden Seiten hat sich die Lage stabilisiert. Dem Weißen
sind zwei Minusbauern und noch eine Bauernschwäche geblieben. Dazu kommt der
Raumnachteil auf der Königsseite. Schwarz wird den Be5 verteidigen und seine
Bauernmehrheit am Königsflügel in Bewegung setzten (g5 und h4). Weiß wird über
die f-Linie versuchen, den schwarzen König zu beunruhigen.} g5 $19 {Wir sind
uns darüber im Klaren, daß Schwarz gewinnen muß.} 37. Kg2 Kg6 38. Ref1 (38.
Rfe2 Kf5 39. Rf2+ Ke6 $19) 38... Qc6+ {[%csl Gf6]} 39. Kg1 h4 40. gxh4 {
Das Entdoppeln der schwarzen Bauern ist zwar kritisch, doch können so die
Türme eher "beißen". Freilich muß sich Weiß nun neben h3 auch stets mit g3
beschäftigen.} gxh4 41. Rf8 Qc5+ 42. R1f2 ({Eine weitere Spielidee wäre} 42.
Kg2 Qd5+ {[%csl Gf7]} 43. Kg1 h3 44. R8f6+ Kg7 45. R1f2 Qd1+ 46. Rf1 Qd4+ 47.
R1f2 e4 48. R6f4 Kh6 49. Kh1 Kg5 50. Kg1 Qd5 $19 {[%cal Re4e3]}) 42... Qd5 43.
R8f6+ Kg7 44. R6f5 Qe4 45. Rf7+ Kg6 46. Rf8 Qe1+ 47. Kg2 Qe4+ 48. Kg1 h3 49.
Rg8+ Kh7 50. Rgf8 Qe1+ 51. Rf1 Qe3+ 52. R1f2 Kg7 53. R8f7+ Kg6 54. Rf8 Qc1+ 55.
Rf1 Qc5+ 56. R1f2 e4 {[%csl Gf5]} 57. Kf1 e3 58. R2f6+ Kg5 59. Ke2 Qxa5 {
Gut genug.} ({Zwingender war} 59... Qd4 $1 {[%cal Rd4f6,Rd4d2]} 60. Rf5+ Kg6
$19) 60. Rd6 Qa2+ 61. Ke1 Qb1+ 62. Ke2 Qb2+ 63. Kf1 (63. Kd1 e2+ 64. Ke1 Qb4+
$19) (63. Kxe3 Qa3+ 64. Rd3 Qxf8 $19) (63. Ke1 Qb4+ $19) 63... e2+ 0-1

[Event "WDR Match TV g/60"]
[Site "Cologne"]
[Date "2000.08.14"]
[Round "1"]
[White "Kramnik, Vladimir"]
[Black "Leko, Peter"]
[Result "1-0"]
[WhiteElo "2770"]
[BlackElo "2743"]
[Annotator "Knaak,R"]
[PlyCount "63"]
[EventDate "2000.08.14"]
[EventType "match"]
[EventRounds "1"]
[EventCountry "GER"]
[SourceTitle "CBM 079"]
[Source "ChessBase"]
[SourceDate "2000.11.21"]
[SourceVersion "1"]
[SourceVersionDate "2000.11.21"]
[SourceQuality "1"]

{Während die Fernsehpartien des WDR in den letzten Jahren eher durch feine,
aber schwer durchschaubare positionelle Leistungen glänzten, bekamen die
Zuschauer in diesem Jahr einen flotten Angriff zu sehen. Die scharfe
Eröffnungsvariante hatte daran naturgemäß einen hohen Anteil und möglich wurde
sie erst dadurch, dass Kramnik überraschend mit dem Königsbauern eröffnete.} 1.
e4 c5 2. Nf3 e6 3. d4 cxd4 4. Nxd4 Nc6 5. Be2 Qc7 6. Nc3 a6 7. O-O b5 {In
dieser recht selten gespielten Variante kennt sich Kramnik jedenfalls gut aus.}
8. Nxc6 {Am besten.} dxc6 9. Be3 Bb7 10. f4 c5 $6 {Schwarz sollt stattdessen
mit 10...Le7 die Entwicklung fortsetzen.} 11. f5 $1 {'!?' Ftacnik. Warum
sollte Weiß auch warten, der Entwicklungsvorsprung ist ja offensichtlich.} Rd8
(11... Nf6 12. fxe6 fxe6 13. Bh5+ Nxh5 14. Qxh5+ g6 15. Qg4 $16 {1/2-1/2 Stein,
L-Taimanov,M/Yerevan/1962/ (76)}) (11... exf5 12. Bf4 Qb6 13. a4 c4+ 14. Kh1
Nf6 15. axb5 Rd8 16. Qe1 Bb4 17. Qg3 Bxc3 18. bxc3 O-O 19. Bc7 Qxb5 20. Bxd8
Rxd8 21. Rxf5 Nxe4 22. Qc7 {1-0 Gaprindashvili,N-Hindle,O/Hastings/1964/ (32)})
(11... b4 $6 {Ftacnik} 12. fxe6 fxe6 13. Bf4 Qc6 14. Bh5+ g6 15. Be5 bxc3 16.
Bxh8 $18) (11... Bd6 $5 {Ftacnik} 12. fxe6 fxe6 (12... Bxh2+ 13. Kh1 fxe6 14.
Bxb5+ axb5 15. Qh5+ g6 16. Qxh2 $16) 13. Bh5+ g6 14. Bg4 $40) 12. Qe1 Nf6 (
12... b4 {Ftacnik} 13. fxe6 fxe6 14. Rxf8+ $5 Kxf8 15. Na4 Bxe4 16. Nxc5 Bf5
17. Qxb4 $14) (12... Bd6 13. Qh4 $36) 13. fxe6 fxe6 14. Bf4 {'!' Ftacnik.} e5 (
14... Qc6 15. Bf3 c4 16. e5 Nd5 17. Nxd5 exd5 18. Bg5 $14) 15. Bg5 Be7 16. a4 {
'!' Ftacnik.} c4 $6 {Danach wird der weiße Vorteil noch deutlicher.} ({
Notwendig war} 16... b4 {, was allerdings positionell nicht gut aussieht. Nach}
17. Bxf6 Bxf6 18. Nd5 Bxd5 19. exd5 Qd6 20. Bc4 (20. Bh5+ g6 21. Bg4 O-O 22.
Be6+ $14) 20... O-O 21. Qe4 {ist aber ein Gewinn für Weiß nicht leicht zu
erzielen.}) 17. axb5 axb5 18. Kh1 {'!' Ftacnik.} b4 19. Bxf6 Bxf6 (19... bxc3
20. Bh5+ g6 21. Bxh8 $18) 20. Nd5 Bxd5 21. exd5 Qc5 22. Bh5+ (22. Ra6 $5 {
Ftacnik} O-O 23. Rc6) 22... Ke7 23. Qg3 {Die Drohung ist Txf6 und die Dame
dringt auf g7 ein.} g6 {'?' Ftacnik.} ({Auch nach} 23... Ra8 24. Rad1 Qd6 25.
Rxf6 $1 Qxf6 26. d6+ Kd8 27. Qe3 {steht Weiß auf Gewinn.}) (23... Rhg8 $5 {
Ftacnik} 24. Ra6 Qxd5 (24... Rd6 25. Rxf6 $1 Kxf6 (25... gxf6 26. Qxg8 Rxa6 27.
Qe8+ Kd6 28. Qd8#) 26. Qf3+ Kg5 27. h4+ Kh6 28. Rxd6+ Qxd6 29. Bf7 g6 30. Bxg8
$18) 25. Bg4 Rd6 26. Ra7+ $40) 24. Rxf6 $1 {Ftacnik: 'It is only just that
white get's the chance to finish the game with the help of a masterful direct
attack.'} Kxf6 (24... Qxd5 25. Qh4 $18) 25. Rf1+ Kg7 26. Bxg6 $1 hxg6 27. Qxe5+
Kg8 ({Nach} 27... Kh6 {gewinnt} 28. Rf4) 28. Qe6+ Kh7 29. Rf7+ Kh6 30. Qh3+ Kg5
31. Qg3+ Kh5 32. Qe5+ (32. Qe5+ {Nach} Kh6 33. Rf4 {ist die schon erwähnte
weiße Gewinnstellung entstanden. Schwarz gibt daher auf.}) 1-0

[Event "EU-ch 7th"]
[Site "Kusadasi"]
[Date "2006.04.08"]
[Round "5"]
[White "Luther, Thomas"]
[Black "Ivanchuk, Vassily"]
[Result "0-1"]
[WhiteElo "2569"]
[BlackElo "2729"]
[Annotator "Kritz,L"]
[PlyCount "76"]
[EventDate "2006.04.04"]
[EventType "swiss"]
[EventRounds "13"]
[EventCountry "TUR"]
[SourceTitle "CBM 113"]
[Source "ChessBase"]
[SourceDate "2006.07.31"]
[SourceVersion "1"]
[SourceVersionDate "2006.07.31"]
[SourceQuality "1"]

1. e4 c5 2. Nf3 e6 3. d4 cxd4 4. Nxd4 Nc6 5. Nc3 Qc7 {Paulsen in reinster Form.
Heute wird oft die Fortsetzung 5...a6 gewählt.} (5... a6 {Die Idee dieses
Zuges besteht in der Umgehung der langen Rochade.} 6. Nxc6 (6. Be3 Nf6 7. Qd2 (
7. Bd3 Qc7 8. O-O Nxd4 9. Bxd4 Bc5 10. Bxc5 Qxc5 11. Kh1 d6 12. f4 e5 $11) 7...
Bb4 8. f3 d5 9. a3 Qa5 $13) 6... bxc6 7. Bd3 d5 8. O-O Nf6 $132 {Für den
kleinen Entwicklungsnachteil hat Schwarz ein sehr solides Zentrum. Die
Stellung bietet gute Chancen für beide Seiten.}) 6. f4 $5 {Eine sehr aktive
Fortsetzung! Andere Spielwege sind:} (6. Be3 a6 7. Qd2 $5 {Die aktuellste
Variante} (7. Be2 Nf6 8. O-O {führt zu den klassischen Scheveninger-Varianten
- bzw. nach 8....Bb4 zu einer Paulsen-Stellung.}) 7... Nf6 8. O-O-O Bb4 9. f3
Ne5 (9... Ne7 10. Nde2 d5 $13) 10. Nb3 b5 11. Kb1 Be7 12. Qf2 d6 $132) 6... a6
(6... Nxd4 {Das sofortige Schlagen verspricht Schwarz kein gutes Spiel. Er
sollte versuchen, die etwas "luftige" Stellung des Springers d4 auszunutzen.}
7. Qxd4 a6 8. a4 $14) 7. a4 {Ein seltener, aber interessanter Zug. Als
Hauptfortsetzung gilt 7.Nxc6} (7. Nxc6 Qxc6 (7... bxc6 8. Bd3 d5 (8... Bc5 9.
Qg4 $1 Ne7 10. Qxg7 Rg8 11. Qxh7 Rxg2 12. Qh3 Rg8 (12... Bf2+ 13. Kf1 $18) 13.
e5 $1 Nd5 14. Ne4 Be7 15. Bd2 $16) 9. Qe2 Nf6 10. O-O Be7 11. Bd2 O-O 12. Rae1
$14) (7... dxc6 8. Bd3 Nf6 (8... Bc5 9. Qg4 Ne7 10. Qxg7 Rg8 11. Qxh7 Rxg2 12.
Qh3 Rg8 13. Bd2 $18) 9. O-O e5 10. f5 Bc5+ 11. Kh1 h5 12. Bg5 Ng4 13. Qe2 $14)
8. Bd3 b5 9. Qe2 Bb7 10. Bd2 $14 {Weiß steht ordentlich, während Schwarz noch
mit Eröffnungsproblemen zu kämpfen hat.}) 7... Nf6 $5 $146 {Bis jetzt wurde 7..
..Bb4 gespielt, wobei man sagen muss, diese Stellung kam äußerst selten vor.} (
7... Bb4 $6 8. Nxc6 Qxc6 9. Qd4 $1 Bxc3+ 10. bxc3 Nf6 11. Bd3 $16 {Trotz des
Doppelbauern hat Weiß riesigen Vorteil dank seines schwarzfeldrigen Läufers.})
8. e5 (8. Nxc6 {Dieser Zug ist jetzt nicht sinnvoll, aufgrund des Bauernzuges
nach a4.} dxc6 (8... Qxc6 9. e5 Ne4 (9... Nd5 10. Nxd5 exd5 11. Bd3 Bc5 12. Qe2
O-O 13. Be3 d6 $13) 10. Nxe4 Qxe4+ 11. Qe2 Qxe2+ 12. Bxe2 Bc5 $11) 9. e5 Nd5
10. Ne4 a5 11. Bd3 Qb6 $13) (8. Be3 $2 Bb4 9. Nxc6 Qxc6 10. Qd4 Qxe4 $17) 8...
Nd5 (8... Nxd4 $5 {Ist auch möglich.} 9. Qxd4 (9. exf6 Qc5 10. fxg7 Bxg7 $15)
9... Bc5 10. Qd1 Nd5 11. Nxd5 exd5 12. Qxd5 O-O $44) 9. Nxd5 exd5 {Auf den
ersten Blick sieht die schwarze Stellung aufgrund der Doppelbauern auf der
d-Linie schlecht aus, jedoch ist seine Stellung als sicher anzusehen.} 10. Nf5
$1 {Wohl die beste Fortsetzung.} (10. Nxc6 dxc6 (10... bxc6 $5 11. Bd3 Bc5 12.
Qe2 (12. Qg4 O-O $15) 12... O-O 13. Be3 Bxe3 14. Qxe3 d6 15. exd6 Qxd6 16. O-O
c5 $132) 11. Be3 Be6 12. Bd3 O-O-O $132) (10. Be3 d6 11. Nxc6 (11. exd6 $2 Bxd6
12. Qd2 O-O 13. Be2 Nxd4 14. Qxd4 Re8 $19) 11... bxc6 12. Qd4 Rb8 $15) (10. Be2
Bc5 $1 (10... d6 11. e6 $5 fxe6 (11... Bxe6 12. Nxe6 fxe6 13. f5 $1 exf5 14.
O-O g6 15. Qxd5 $44) 12. f5 exf5 (12... Nxd4 13. Qxd4 exf5 14. Bh5+ $16) 13.
O-O Nxd4 14. Qxd4 Qc5 15. Be3 Qxd4 16. Bxd4 Be6 (16... Rg8 17. Rae1 Be7 18. Bf3
$16) 17. Bd3 Kd7 18. Bxf5 Bxf5 19. Rxf5 Re8 20. Rxd5 $14) 11. Nf5 O-O 12. Qxd5
Nb4 13. Qd2 d5 $44) 10... d6 11. exd6 Bxd6 12. Nxd6+ (12. Qxd5 Bxf5 13. Qxf5
O-O 14. Bd3 g6 15. Qg5 Rae8+ $17 {Der weiße König wird zum Angriffsziel aller
schwarzen Figuren.}) (12. Qe2+ Be7 13. Nxe7 Nxe7 $15) 12... Qxd6 13. Bd3 {
Schwarz muss versuchen, so schnell wie möglich kurz zu rochieren.} Qc5 (13...
Qe7+ $5 14. Kf2 (14. Qe2 Nb4 15. Ra3 $1 Bd7 16. Qxe7+ Kxe7 17. a5 Rac8 18. Kd2
Rc5 $15) 14... Qc5+ 15. Be3 d4 16. Bd2 O-O 17. Re1 Bf5 18. Qh5 g6 19. Qg5 f6
20. Qg3 Bxd3 21. Qxd3 Rfe8 $11) 14. Qe2+ Kd8 {Schwarz geht das Risiko ein und
belässt den eigenen König in der Mitte, nur um dem gegnerischen König
ebenfalls die Möglichkeit der Rochade zu nehmen.} 15. Qf2 (15. Kf1 Re8 16. Qh5
g6 17. Qxh7 Nb4 18. Qh4+ (18. Ra3 Qe7 $19) 18... Kc7 19. Bd2 Nxd3 20. cxd3 Bf5
$19) 15... Re8+ 16. Kf1 d4 $5 (16... Qxf2+ {Führt zum Ausgleich.} 17. Kxf2 Nb4
18. Bd2 Nxd3+ 19. cxd3 Bf5 20. Rad1 $11 {Im Großen und Ganzen ist diese
Stellung Remis.}) 17. Qh4+ (17. f5 Ne5 18. Ra3 Bd7 19. Bf4 Rc8 $15) 17... f6
18. Qxh7 Nb4 19. Bd2 (19. Qxg7 Nxd3 20. Qxf6+ (20. cxd3 Qh5 $1 21. Kf2 Qe2+ 22.
Kg3 Bd7 23. Qxf6+ Kc7 $19) 20... Kc7 21. cxd3 Qh5 $1 22. Qg7+ Bd7 23. Be3 $1
dxe3 $1 (23... Rxe3 24. Rc1+ Kd8 (24... Kb6 $4 25. Qxd4+ Ka5 26. b4+ Kxa4 27.
Qa1+ Kxb4 28. Qc3+ Ka4 29. Ra1+ Kb5 30. Ra5+ Kb6 31. Qc5+) (24... Kb8 25. Qxd7
Rxd3 26. h4 Rd1+ 27. Kf2 Rd2+ 28. Kg1 Ka7 $15) 25. Qf8+ Re8 26. Qf6+ Re7 27.
Re1 Qf7 $15) 24. Rc1+ Kd8 $19) 19... Nxd3 20. cxd3 Bf5 (20... Qf5 {Führt
wieder zum Remis.} 21. Qxf5 Bxf5 22. Kf2 Bxd3 23. Rhe1 $11) 21. Qxg7 Bxd3+ 22.
Kg1 Rc8 $1 $44 {Schwarz verfügt über gute Kompensation für das geopferte
Material. Die Stellung ist jedoch trotzdem unklar.} 23. h4 Re2 24. Rh3 Be4 25.
Qxf6+ Kc7 26. Rc1 Bc2 27. b4 Qc4 28. Rg3 Rxd2 29. Qe5+ Kb6 30. Rg7 Ka7 31. b5
d3 32. Kh2 Re2 33. Qd6 Re6 34. Qd7 Qxf4+ 35. g3 Qf2+ 36. Kh1 Qf3+ 37. Kg1 Re2
38. b6+ Kb8 0-1

[Event "Tashkent FIDE GP 2nd"]
[Site "Tashkent"]
[Date "2012.12.04"]
[Round "11"]
[White "Svidler, Peter"]
[Black "Morozevich, Alexander"]
[Result "1/2-1/2"]
[WhiteElo "2747"]
[BlackElo "2748"]
[Annotator "Kritz,L"]
[PlyCount "77"]
[EventDate "2012.11.22"]
[EventType "tourn"]
[EventRounds "11"]
[EventCountry "UZB"]
[EventCategory "20"]
[SourceTitle "CBM 152"]
[Source "ChessBase"]
[SourceDate "2013.01.15"]
[SourceVersion "1"]
[SourceVersionDate "2013.01.15"]
[SourceQuality "1"]

1. e4 c5 2. Nf3 e6 3. d4 cxd4 4. Nxd4 Nc6 5. Nc3 Qc7 6. g3 {Das ist eine
seltene, aber durchaus spielbare Variante.} a6 7. Bg2 d6 (7... Nf6 8. O-O Bc5
9. Nxc6 dxc6 10. Na4 Ba7 11. c4 b5 12. e5 Nd7 13. Nc3 b4 14. Ne4 Nxe5 15. Bf4
$44 {1-0 Adams,M (2680)-Plaskett,J (2450)/England 1997/CBM 064 ext (30)}) (7...
Bc5 8. Nb3 Ba7 9. Qg4 $14) (7... Nge7 8. Nb3 Ng6 9. O-O Be7 10. a4 b6 11. f4
Bb7 12. Be3 O-O 13. h4 $14 {1-0 Sjugirov,S (2622)-Warszawski,B (2278)/Warsaw
2011/CB00_2012 (30)}) 8. O-O Bd7 {Diesen Zug muss man eher früher als später
machen, weil die Idee von Weiß darin besteht, auf c6 zu nehmen und dann e5 zu
spielen, um die schwarze Bauernstruktur zu zerstören:} (8... Nf6 9. Re1 Be7 $2
10. Nxc6 bxc6 11. e5 $1 dxe5 12. Rxe5 O-O 13. Bf4 Qb7 (13... Bd6 14. Rxe6 Bxe6
(14... Bxf4 15. Rxc6 Qb8 16. gxf4 Qxf4 17. Rxf6 $18) 15. Bxd6 Qb6 16. Bxf8 $16)
14. Rb1 $14 {1/2-1/2 Inkiov,V (2505)-Kurtenkov,A (2415)/Sofia 1996/EXT 1999 
(15)}) 9. a4 {Weiß will auf c6 nehmen, dann a5 spielen und Be3-Bb6 folgen
lassen.} Nf6 10. Nxc6 ({Meisten wird} 10. Nb3 {gespielt, doch dieser Zug sieht
nicht logisch im Kontext mit dem Zug a4 aus:} Be7 11. a5 Ne5 12. f4 Nc4 $132)
10... Bxc6 11. a5 b5 {Schwarz löst das Problem des Feldes b6, aber jetzt wird
der weiße Turm auf der a-Linie aktiv.} (11... Be7 12. Be3 O-O 13. Bb6 Qb8 14.
Re1 Nd7 15. Bd4 Qc7 16. Qd2 $14 {1/2-1/2 Tiviakov,S (2637)-Bosiocic,M (2557)/
Sibenik 2010/CBM 138 Extra (26)}) 12. axb6 Qxb6 13. Re1 Be7 14. Ra3 $1 {
Weiß entwickelt einen starken Angriff, seine Idee ist unter anderem Nd5 und
dann geht der Turm von a3 nach e3.} Qc7 {Der kritische Zug ist die Rochade.} (
14... O-O {Vielleicht wäre das doch die bessere Wahl gewesen.} 15. Nd5 exd5 16.
exd5 Bxd5 17. Bxd5 Nxd5 18. Qxd5 Bf6 19. Rae3 $14) 15. Nd5 $5 {Es ist fraglich,
ob das die beste Fortsetzung ist, aber auf jedem Fall ist es ein sehr
interessanter Zug.} (15. Bf4 O-O 16. Qe2 a5 17. e5 dxe5 18. Bxe5 Qc8 19. Raa1
a4 $11) 15... exd5 16. exd5 Bd7 $3 {Die stärkste Verteidigung!} (16... Bb5 {
sieht logisch aus, führt jedoch zu Problemen.} 17. Rc3 Qd8 18. Rce3 Ng8 (18...
Ra7 19. c4 Bxc4 20. Qd4 Rc7 21. Bd2 Qc8 22. Ba5 Rb7 23. Rc3 $18) 19. c4 Bxc4
20. Qg4 $18) 17. Rae3 Ng8 18. Qe2 Qd8 19. c4 {Weiß will c5-d6 spielen.} Kf8 (
19... Rc8 20. Ra3 {Wenn Weiß auch noch den Bauern a6 bekommt, wird seine
Kompensation zu stark, weil Schwarz sowieso seine Figuren nicht entfesseln
kann.} Qb6 (20... Ra8 21. c5 $16) 21. Bg5 f6 22. Be3 Qb4 23. c5 $16) 20. c5 $1
Bb5 (20... dxc5 21. d6 Bxd6 (21... Bf6 22. Bxa8 Qxa8 23. Ra3 $18) 22. Bxa8 Qxa8
23. Qd1 Qc6 24. Rd3 Bh3 25. f3 $18) 21. Qh5 g6 ({Es kann sein, dass Schwarz
nun tatsächlich auf c5 nehmen konnte:} 21... dxc5 $5 22. d6 (22. Rxe7 Nxe7 23.
d6 Ng6 24. Bxa8 Qxa8 25. Qxc5 Kg8 $15) 22... Bxd6 23. Bxa8 Qxa8 $132 {Die
Stellung sieht in beiden Fällen gefährlich aus, aber sofortigen Gewinn scheint
es nicht zu geben.}) 22. Qd1 Bg5 23. c6 $5 {Weiß hat keine Wahl, er muss bis
zum Ende gehen. Seine Kompensation ist zweifellos, aber ein Turm ist doch sehr
viel.} Bf6 {Morozevich wählt die Sicherheit.} (23... Bxe3 24. Bxe3 h6 25. Bd4
Rh7 26. Qf3 $44 {Weiß kontrolliert das Geschehen auf dem Brett, doch sein
materieller Nachteil ist sehr groß und falls Schwarz einen Weg findet, seine
Figuren zu entwickeln, kann sich Weiß in Gefahr befinden.}) 24. Bh3 {Die
ersten konkreten Drohungen kommen. Weiß plant Bd7-Re8.} Kg7 25. Bd2 (25. Bd7
Qc7 26. Rf3 Be5 $13) 25... h5 $1 {Der Bauer b2 ist tabu. Stattdessen bringt
Schwarz seinen Turm über die h-Linie ins Spiel.} (25... Bxb2 26. Qc2 Bd4 (26...
Bf6 27. c7 $18) 27. c7 Qf6 28. c8=Q Rxc8 29. Bxc8 Bxe3 30. Rxe3 $18) 26. Qc2 {
Es droht c7 und dann c8.} Qc7 (26... Ne7 27. c7 Qf8 28. Rxe7 Bxe7 29. Bc3+ f6 (
29... Bf6 30. Bxf6+ Kxf6 31. Qc3+ Kg5 32. Qd2+ Kf6 33. Qd4+ Kg5 34. Qf4#) 30.
c8=Q Rxc8 31. Bxc8 $18) 27. Bc3 $1 {Weiß kommt dem Gewinn nahe.} h4 $1 {
Eine sehr originelle Idee, typisch für Morozevich.} (27... Bxc3 28. Qxc3+ f6 (
28... Nf6 29. Re7 Qd8 (29... Qb6 30. R1e6 $18) 30. c7 $18) 29. Bd7 Rh7 30. Re6
$14) 28. g4 {Weiß hat kaum etwas Besseres.} (28. Re7 Qb6 29. Rb7 (29. Be6 Nxe7
30. Bxf6+ Kxf6 31. Qc3+ Kg5 32. Qd2+ Kf6 33. Qc3+ $11 {Die schwarze Dame
kontrolliert das Feld d4, daher gibt es kein Matt.}) 29... Qc5 30. Be6 Rf8 $15)
28... g5 $3 {Schwarz blockiert den weißen Läufer h3! Dazu kommt sein Turm h8
ins Spiel.} 29. Qf5 {Beide Gegner machen die einzigen Züge.} Rh6 30. Qxg5+ {
Jetzt kann Schwarz seine Figuren koordinieren. Es kann sein, dass Weiß den
Bauern g5 gar nicht nehmen sollte.} (30. Bxf6+ Nxf6 (30... Rxf6 31. Qxg5+ Rg6
32. Qf4 Nf6 33. Re7 $44) 31. Re7 Qb6 32. c7 Qc5 33. Bg2 $1 $44 {In beiden
Fällen hat Weiß Kompensation, aber auch nicht mehr.}) 30... Rg6 31. Qf4 Kf8 32.
Bxf6 {Es gibt keinen Weg zum Gewinn für Weiß. Das Nehmen auf f6 forciert das
Remis.} (32. Rf3 Bg5 33. Qd4 Re8 34. Rxe8+ Kxe8 35. Qe4+ Kd8 $44) 32... Nxf6 {
Nur mit dem Springer!} (32... Rxf6 $2 33. Qd4 Rg6 34. f4 $16) 33. g5 Nxd5 (
33... Nh5 34. Qxh4 Nf6 35. Bf5 Rg7 36. Qh8+ Ng8 37. h4 $16) 34. Qxh4 {Beide
Seiten haben keine Wahl mehr.} Nxe3 35. Qh8+ Rg8 (35... Ke7 36. Rxe3+ Re6 37.
Rxe6+ fxe6 38. Qg7+ $18) 36. Qh6+ Rg7 (36... Ke7 37. Rxe3+ Kd8 38. Qf6+ $18)
37. Qh8+ Rg8 38. Qh6+ Rg7 39. Qh8+ {Logisches Ergebnis, weil Schwarz ja doch
die ganze Zeit ziemlich sicher stand. Vielleicht konnte er sogar die
Initiative übernehmen, wenn er im 21. Zug auf c5 geschlagen hätte.} 1/2-1/2